Länder, die mit A enden - Statistiken

Allgemein
  • Dieses Quiz wurde 1.454 mal gespielt
    685 seit der letzten Aktualisierung
  • Das Durchschnittsergebnis liegt bei 31 aus 43
Antwortstatistiken
Land % Korrekt
Andorra
90%
Kanada
87%
China
83%
Guinea
82%
Südafrika
80%
Angola
78%
Kenia
78%
Ghana
77%
Sambia
77%
Gambia
76%
Nigeria
76%
Nordkorea
76%
Südkorea
76%
Kuba
75%
Panama
75%
Tonga
75%
Uganda
74%
Guyana
73%
Malta
73%
Ruanda
73%
Tansania
73%
Namibia
72%
Somalia
72%
Eritrea
71%
Guatemala
71%
Nicaragua
71%
Costa Rica
70%
Vereinigte Staaten von Amerika
70%
Venezuela
69%
Äquatorialguinea
68%
Grenada
68%
Jamaika
68%
Malaysia
68%
Samoa
68%
Dominica
67%
Antigua und Barbuda
65%
Liberia
65%
Kambodscha
63%
Sri Lanka
63%
Botswana
61%
St. Lucia
61%
Papua-Neuguinea
59%
Bosnien und Herzogovina
41%
Keine übereinstimmenden Quizze gefunden
Verteilung der Resultate
Anzahl Personen mit jedem Resultat
Perzentil nach korrekt beantworteten Fragen
Ihre Resultats-Entwicklung
Sie haben dieses Quiz seit der letzten Aktualisierung nicht gespielt